Gift of life. (Record no. 12009)

000 -LEADER
fixed length control field 00519nam a2200181 a 4500
001 - CONTROL NUMBER
control field :::00009811$&:&@@
003 - CONTROL NUMBER IDENTIFIER
control field OkBaRHE
005 - DATE AND TIME OF LATEST TRANSACTION
control field 20000607103353.0
008 - FIXED-LENGTH DATA ELEMENTS--GENERAL INFORMATION
fixed length control field s1958 j 000 0 eng u
040 ## - CATALOGING SOURCE
Transcribing agency
100 1# - MAIN ENTRY--PERSONAL NAME
Personal name Ford, Wesley P.
245 10 - TITLE STATEMENT
Title Gift of life.
260 ## - PUBLICATION, DISTRIBUTION, ETC. (IMPRINT)
Place of publication, distribution, etc St. Louis, MO., :
Name of publisher, distributor, etc Bethany Press
Date of publication, distribution, etc c1958
300 ## - PHYSICAL DESCRIPTION
Extent 96 p. ;
Dimensions 20 cm.
650 ## - SUBJECT ADDED ENTRY--TOPICAL TERM
Topical term or geographic name as entry element Sermons, American
942 ## - ADDED ENTRY ELEMENTS (KOHA)
Source of classification or shelving scheme
Koha item type Books
Copies
Shelving location Withdrawn status Price effective from Date acquired Source of classification or shelving scheme Full call number Copy number Permanent Location Damaged status Date last seen Not for loan Lost status Barcode Koha item type
General Stacks 2010-04-142010-04-14 BV 4241 .F5861RHEMA Bible Training College 2010-04-14  9811Books